Hình học cao cấp

Shranjeno v:
Bibliografske podrobnosti
Glavni avtor: Văn, Như Cương
Drugi avtorji: Hoàng,Trọng Thái
Format: Knjiga
Jezik:Undetermined
Izdano: H. ĐHSP 2005
Teme:
Online dostop:http://lrc.tdmu.edu.vn/opac/search/detail.asp?aID=2&ID=5752
Oznake: Označite
Brez oznak, prvi označite!
Thư viện lưu trữ: Trung tâm Học liệu Trường Đại học Thủ Dầu Một
LEADER 00580nam a2200205Ia 4500
001 TDMU_5752
008 210410s9999 xx 000 0 und d
082 |a 516 
090 |b V105 
100 |a Văn, Như Cương 
245 0 |a Hình học cao cấp 
245 0 |c Văn Như Cương 
260 |a H. 
260 |b ĐHSP 
260 |c 2005 
300 |a 231tr. 
650 |a Hình học 
700 |a Hoàng,Trọng Thái 
856 |u http://lrc.tdmu.edu.vn/opac/search/detail.asp?aID=2&ID=5752 
980 |a Trung tâm Học liệu Trường Đại học Thủ Dầu Một